<?xml version="1.0" encoding="UTF-8"?>
<record
    xmlns:xsi="http://www.w3.org/2001/XMLSchema-instance"
    xsi:schemaLocation="http://www.loc.gov/MARC21/slim http://www.loc.gov/standards/marcxml/schema/MARC21slim.xsd"
    xmlns="http://www.loc.gov/MARC21/slim">

  <leader>00861nam a22001577a 4500</leader>
  <controlfield tag="003">IT-RoPau</controlfield>
  <controlfield tag="005">20220918181219.0</controlfield>
  <controlfield tag="008">140315b        xxu||||| |||| 00| 0 eng d</controlfield>
  <datafield tag="040" ind1=" " ind2=" ">
    <subfield code="c">IT-RoPau</subfield>
  </datafield>
  <datafield tag="100" ind1=" " ind2=" ">
    <subfield code="a">Istituto Santa Famiglia</subfield>
    <subfield code="9">16753</subfield>
  </datafield>
  <datafield tag="245" ind1=" " ind2=" ">
    <subfield code="a">Annunciare Cristo con Maria</subfield>
  </datafield>
  <datafield tag="260" ind1=" " ind2=" ">
    <subfield code="b">Istituto Santa Famiglia</subfield>
    <subfield code="c">2011</subfield>
  </datafield>
  <datafield tag="300" ind1=" " ind2=" ">
    <subfield code="a">8 pp.</subfield>
    <subfield code="c">21 cm</subfield>
  </datafield>
  <datafield tag="520" ind1=" " ind2=" ">
    <subfield code="a">Indice

Canto di esposizione
saluto
Acclamazione alla SS. Trinit&#xE0;

Il Rosario, "compendio del Vangelo"
Lettura biblica
Consacrazione a Maria
Silenzio

Il Rosario: percorso di annuncio
Misteri della luce
1&#xB0; mistero - Il Battesimo di Ges&#xF9;
2&#xB0; mistero - Ges&#xF9; si rivela a Cana
3&#xB0; mistero - Annuncio del Regno di Dio
4&#xB0; mistero - La Trasfigurazione di Ges&#xF9;
5&#xB0; mistero - L'istituzione dell'Eucarestia

Messaggio finale
Litanie in canto
Canto eucaristico
Canto finale
</subfield>
  </datafield>
  <datafield tag="942" ind1=" " ind2=" ">
    <subfield code="2">ddc</subfield>
    <subfield code="c">MX</subfield>
  </datafield>
  <datafield tag="999" ind1=" " ind2=" ">
    <subfield code="c">104242</subfield>
    <subfield code="d">104242</subfield>
  </datafield>
  <datafield tag="952" ind1=" " ind2=" ">
    <subfield code="0">0</subfield>
    <subfield code="1">0</subfield>
    <subfield code="2">ddc</subfield>
    <subfield code="4">0</subfield>
    <subfield code="6">P_D1</subfield>
    <subfield code="7">1</subfield>
    <subfield code="a">PAULUS</subfield>
    <subfield code="b">PAULUS</subfield>
    <subfield code="d">2014-03-15</subfield>
    <subfield code="l">0</subfield>
    <subfield code="o">P D1</subfield>
    <subfield code="r">2014-03-15 00:00:00</subfield>
    <subfield code="w">2014-03-15</subfield>
    <subfield code="y">MX</subfield>
  </datafield>
</record>
